[Event "Politiken"]
[Site "Copenhagen DEN"]
[Date "1996.06.22"]
[Round "1"]
[White "Tonning, E"]
[Black "Tukmakov, V"]
[Result "0-1"]
[WhiteElo "2220"]
[BlackElo "2595"]

1. e4 c5 2. Nf3 d6 3. d4 cxd4 4. Nxd4 Nf6 5. Nc3 Nc6 6. Bc4 Qb6 7. Nb3 e6
8. O-O a6 9. Bg5 Ne5 10. Be2 Be7 11. Kh1 O-O 12. f4 Ng6 13. Bh5 Qc7 14.
Bxg6 fxg6 15. Nd4 h6 16. Bxf6 Bxf6 17. f5 exf5 18. Nd5 Qf7 19. Nb6 Rb8 20.
exf5 Bxf5 21. Nxf5 gxf5 22. c3 Be5 23. Qd5 Qxd5 24. Nxd5 Rbe8 25. Rad1 g5
26. g3 Kg7 27. Kg2 Kg6 28. Rd3 Rf7 29. Nb6 Re6 30. Rfd1 Rc7 31. Nd5 Rc4 32.
Nb6 Rc6 33. Nd5 h5 34. Rf1 Rc5 35. Rf2 b5 36. Nb6 f4 37. Nd7 Rc8 38. Nb6
Rc6 39. gxf4 Bxf4 40. Nd5 Rc4 41. Nxf4+ Rxf4 42. Rxf4 gxf4 43. Kf3 Kg5 44.
Rd5+ Kh4 45. Rd2 Rf6 46. Rd5 Rg6 47. Rd4 Kh3 48. Rxf4 Rg2 49. Rh4+ Kxh4 50.
Kxg2 Kg4 51. h3+ Kf4 52. Kf2 a5 53. b3 b4 54. c4 h4 55. Ke2 Kg3 56. Ke3
Kxh3 57. Kf3 Kh2 58. Kf2 h3 0-1

[Event "Politiken"]
[Site "Copenhagen DEN"]
[Date "1996.06.22"]
[Round "1"]
[White "Bonnez, F"]
[Black "Tisdall, J"]
[Result "0-1"]
[WhiteElo "2205"]
[BlackElo "2510"]

1. d4 Nf6 2. Nf3 e6 3. Bf4 b6 4. e3 Bb7 5. Nbd2 Be7 6. c3 Nh5 7. Bg3 Nxg3
8. hxg3 c5 9. Bd3 h6 10. Qe2 Nc6 11. a3 d5 12. Rd1 Qc7 13. e4 cxd4 14. cxd4
dxe4 15. Nxe4 O-O 16. Bb1 Rfe8 17. O-O Rad8 18. Qc2 Kf8 19. Rd2 Rd7 20. Rc1
Qd8 21. Qd1 Qa8 22. Qe2 Red8 23. Rcd1 Qb8 24. Ba2 Kg8 25. Nc3 Bf8 26. d5
exd5 27. Rxd5 Rxd5 28. Rxd5 Rxd5 29. Bxd5 Nd8 30. Ba2 Qd6 31. Bb1 g6 32.
Nb5 Bxf3 33. gxf3 Qd7 34. Qd3 Qxd3 35. Bxd3 a5 36. b3 Bc5 37. a4 Kf8 38.
Kf1 Ke7 39. Ke2 Nc6 40. f4 h5 41. Be4 Nb4 42. Nc3 Ke6 43. Bb7 f5 44. Kf1
Nd3 45. Bd5+ Kf6 46. Nd1 Bd4 47. Ke2 Nc5 48. Kf3 Ne6 49. Bc4 g5 50. fxg5+
Nxg5+ 51. Ke2 Ne4 52. Bd5 Kg5 53. Bxe4 fxe4 54. f3 exf3+ 55. Kxf3 Kf5 56.
Ne3+ Ke5 57. Nc4+ Kd5 58. Nd2 Kc5 59. Ke2 Kb4 60. Kd3 Be5 61. Nc4 Bc7 62.
Ne3 Bxg3 63. Nd5+ Kc5 0-1

[Event "Politiken"]
[Site "Copenhagen DEN"]
[Date "1996.06.22"]
[Round "1"]
[White "Hodgson, Ju"]
[Black "Nilsson, N"]
[Result "1-0"]
[WhiteElo "2615"]
[BlackElo "2225"]

1. d4 Nf6 2. Bg5 g6 3. Bxf6 exf6 4. e3 Bg7 5. h4 b6 6. h5 Bb7 7. c4 d6 8.
Nc3 Nd7 9. Nge2 f5 10. Qa4 O-O 11. hxg6 hxg6 12. Nf4 Nf6 13. c5 c6 14. cxd6
Qxd6 15. Qb3 Ng4 16. Be2 Rfe8 17. Rd1 Nxe3 18. fxe3 Rxe3 19. O-O Bxd4 20.
Rxd4 Qxd4 21. Qc4 Qxc4 22. Bxc4 Kg7 23. Rd1 Rae8 24. Rd7 R8e7 25. Rd8 Re8
26. Rd4 b5 27. Bf1 a5 28. a3 c5 29. Rd7 b4 30. axb4 cxb4 31. Nb5 R8e7 32.
Rd2 g5 33. Nh3 f6 34. Nd6 R3e5 35. Nf2 Be4 36. g4 a4 37. Nfxe4 fxe4 38.
Nf5+ Rxf5 39. gxf5 e3 40. Rc2 a3 41. bxa3 bxa3 42. Ra2 Re5 43. Bd3 e2 44.
Bxe2 Rxf5 45. Rxa3 Rf4 46. Kg2 Kf7 47. Ra6 Ke7 48. Kg3 Kd7 49. Bg4+ Kc7 50.
Re6 Kd8 51. Rc6 Ke7 52. Ra6 Kd8 53. Ra7 Ke8 54. Be6 Kf8 55. Bf7 Kg7 56.
Bh5+ Kf8 57. Rf7+ Kg8 58. Bg6 Kh8 59. Bh7 Rh4 60. Bf5 Rh6 61. Be6 Rh4 62.
Bf5 Rh1 63. Rxf6 Kg7 64. Ra6 Rh6 65. Ra5 Rh4 66. Bg4 Kf6 67. Rf5+ Kg6 68.
Re5 Kf6 69. Re6+ Kf7 70. Rc6 Kg7 71. Kf3 Kf7 72. Rd6 Kg7 73. Re6 Kf7 74.
Re4 Rh1 75. Re5 Rf1+ 76. Ke3 Kf6 77. Re6+ Kg7 78. Ra6 Rf6 79. Be6 Rf4 80.
Bd5 Rh4 81. Be4 Rh6 82. Ra5 Kf6 83. Kd4 Rh8 84. Ra6+ Kf7 85. Ke5 Rh4 86.
Ra7+ Kf8 87. Bg6 Rf4 88. Rc7 Rf1 89. Bf5 g4 90. Kf6 Re1 91. Rh7 Kg8 92. Rh4
Rf1 93. Rh2 1-0

[Event "Politiken"]
[Site "Copenhagen DEN"]
[Date "1996.06.22"]
[Round "1"]
[White "Tseshkovsky, V"]
[Black "Bekker Jensen, S"]
[Result "1-0"]
[WhiteElo "2540"]
[BlackElo "2215"]

1. e4 c5 2. Nf3 d6 3. d4 cxd4 4. Nxd4 Nf6 5. Nc3 a6 6. Be3 e5 7. Nb3 Be6 8.
Qd2 Be7 9. f3 O-O 10. O-O-O a5 11. Kb1 a4 12. Nc1 Ra5 13. Bb5 a3 14. Nb3
Ra8 15. g4 Nc6 16. g5 Ne8 17. Nd5 Bxd5 18. exd5 Nd4 19. Nxd4 exd4 20. Qxd4
Bxg5 21. Bxg5 Qxg5 22. Rhg1 Qf6 23. Qxf6 Nxf6 24. b4 Ne8 25. c4 Nc7 26. Kc2
Nxb5 27. cxb5 Rfe8 28. Rge1 Kf8 29. Kb3 g5 30. b6 h5 31. Rc1 Rxe1 32. Rxe1
Re8 33. Rc1 Re3+ 34. Ka4 f5 35. Rc6 g4 36. fxg4 hxg4 37. Rxd6 Re7 38. Rc6
f4 39. d6 Rf7 40. Rc8+ Kg7 41. Rc7 f3 42. d7 f2 43. d8=Q f1=Q 44. Qg5+ 1-0

[Event "Politiken"]
[Site "Copenhagen DEN"]
[Date "1996.06.22"]
[Round "1"]
[White "Persson, R"]
[Black "Hoi, C"]
[Result "0-1"]
[WhiteElo "2140"]
[BlackElo "2435"]

1. e4 d6 2. d4 Nf6 3. Nc3 g6 4. Be2 Bg7 5. g4 h5 6. g5 Nfd7 7. f4 Nc6 8.
Nf3 e5 9. Be3 exf4 10. Bxf4 O-O 11. Qd2 Nb6 12. d5 Nb4 13. a3 Na6 14. O-O-O
Bg4 15. Rhf1 Nc5 16. Nd4 Bxe2 17. Qxe2 Qe7 18. h4 Rfe8 19. Rfe1 Ncd7 20.
Kb1 Ne5 21. Nf5 gxf5 22. exf5 Qd7 23. Qxh5 Qxf5 24. Bc1 Qg4 25. Qxg4 Nxg4
26. Rxe8+ Rxe8 27. Nb5 a6 28. Nd4 Nf2 29. Rd2 Ne4 30. Rd1 Nxd5 31. Nf5
Nec3+ 0-1

[Event "Politiken"]
[Site "Copenhagen DEN"]
[Date "1996.06.22"]
[Round "1"]
[White "Lobejko, R"]
[Black "Maksimenko, A"]
[Result "0-1"]
[WhiteElo "2215"]
[BlackElo "2545"]

1. Nf3 c5 2. g3 Nc6 3. Bg2 e5 4. c4 g6 5. Nc3 Bg7 6. d3 Nge7 7. h4 h6 8.
Bd2 d6 9. a3 Be6 10. Rb1 a5 11. Qa4 O-O 12. Qd1 Kh7 13. Ne4 Nd4 14. e3
Nxf3+ 15. Qxf3 Qd7 16. Nc3 Rab8 17. Qe2 d5 18. cxd5 Nxd5 19. O-O a4 20.
Nxd5 Bxd5 21. Bxd5 Qxd5 22. Bc3 Rfd8 23. Rbd1 Rd7 24. f4 exf4 25. Bxg7 Kxg7
26. Rxf4 b5 27. d4 Re8 28. e4 cxd4 29. Qd3 Qc4 30. e5 Qc5 31. h5 Rxe5 32.
hxg6 Re3 0-1

[Event "Politiken"]
[Site "Copenhagen DEN"]
[Date "1996.06.22"]
[Round "1"]
[White "Petursson, M"]
[Black "Bromman, T"]
[Result "1-0"]
[WhiteElo "2585"]
[BlackElo "2220"]

1. c4 e6 2. g3 d5 3. Bg2 c6 4. Nf3 dxc4 5. a4 Nf6 6. O-O Nd5 7. Ne5 Nb6 8.
a5 Nd5 9. Nxc4 Bb4 10. d4 O-O 11. e4 Nc7 12. Nc3 Nb5 13. Qb3 Na6 14. Nxb5
cxb5 15. Na3 Bxa3 16. Qxa3 Qxd4 17. Be3 Qf6 18. Rfd1 e5 19. Qb3 Nc7 20. Bc5
Be6 21. Qe3 Rfd8 22. Bxa7 Rxd1+ 23. Rxd1 Rd8 24. Rc1 Ne8 25. Bb6 Rc8 26.
Rd1 Qe7 27. h4 Qb4 28. Qd2 Qb3 29. Bf1 Qa4 30. b4 f6 31. Bc5 Kf7 32. Rb1
Qa2 33. Qxa2 Bxa2 34. Rd1 Be6 35. Bxb5 h6 36. Be2 g6 37. f4 exf4 38. gxf4
f5 39. Bf3 fxe4 40. Bxe4 Rc7 41. Bf3 h5 42. Bb6 Rc4 43. Bc5 Rxf4 44. Bxb7
1-0

[Event "Politiken"]
[Site "Copenhagen DEN"]
[Date "1996.06.22"]
[Round "1"]
[White "Gausel, E"]
[Black "Holst, C"]
[Result "1-0"]
[WhiteElo "2515"]
[BlackElo "2205"]

1. Nf3 Nf6 2. c4 g6 3. Nc3 Bg7 4. e4 d6 5. d4 O-O 6. Be2 e5 7. O-O Nc6 8.
d5 Ne7 9. Nd2 Nd7 10. b4 f5 11. a4 Nf6 12. f3 f4 13. c5 g5 14. Ba3 h5 15.
b5 Ne8 16. Nc4 Rf6 17. a5 b6 18. axb6 axb6 19. cxb6 cxb6 20. Na4 Rb8 21.
Bb4 Bd7 22. Ncxb6 Rxb6 23. Ba5 Nc8 24. Rc1 g4 25. fxg4 f3 26. Rxf3 Rxf3 27.
Bxf3 Bh6 28. Rc3 Bxb5 29. Nxb6 Nxb6 30. Qb1 Bd2 31. Qxb5 Bxc3 32. Bxc3 hxg4
33. Bxg4 Ng7 34. Bd2 1-0

[Event "Politiken"]
[Site "Copenhagen DEN"]
[Date "1996.06.22"]
[Round "1"]
[White "Djurhuus, R"]
[Black "Borbjerggaard, L"]
[Result "0-1"]
[WhiteElo "2505"]
[BlackElo "2185"]

1. d4 Nf6 2. Bg5 d5 3. Bxf6 gxf6 4. e3 Bf5 5. Ne2 c6 6. Ng3 Bg6 7. h4 h6 8.
Bd3 Bxd3 9. Qxd3 e6 10. Nd2 f5 11. Nh5 Nd7 12. Qb3 Qb6 13. Qxb6 axb6 14. c4
dxc4 15. Nxc4 b5 16. Ne5 Nxe5 17. dxe5 O-O-O 18. Ke2 Rd5 19. f4 Be7 20. g3
Rhd8 21. Rhd1 Kc7 22. Rxd5 Rxd5 23. Rc1 Kb6 24. Rc2 c5 25. Ng7 Kc6 26. Rd2
Rxd2+ 27. Kxd2 b4 28. Ne8 c4 29. Ke2 Kd7 30. Ng7 Bd8 31. Kd2 b5 32. Nh5 Kc6
33. Ng7 Be7 34. Ne8 Kd7 35. Ng7 Bd8 36. Nh5 Ke8 37. e4 fxe4 38. f5 Bc7 39.
Nf6+ Kd8 40. fxe6 fxe6 41. Nxe4 Bxe5 42. g4 Bxb2 43. Nd6 Kd7 44. Ne4 Be5
45. g5 hxg5 46. hxg5 Ke7 47. g6 Bg7 48. Kc2 e5 49. Kd2 Ke6 50. Nc5+ Kf6 51.
Na6 Bf8 52. Nc7 Kxg6 53. Nxb5 Kf5 54. Ke2 e4 55. Nd4+ Ke5 56. Nc2 Bc5 57.
Kd1 e3 58. Ne1 Ke4 59. Kc2 Bd4 60. Kd1 Bc3 0-1

[Event "Politiken"]
[Site "Copenhagen DEN"]
[Date "1996.06.22"]
[Round "1"]
[White "Hansen, LB"]
[Black "Schultz Pedersen, J"]
[Result "1-0"]
[WhiteElo "2565"]
[BlackElo "2215"]

1. Nf3 Nc6 2. d4 e6 3. e4 d5 4. e5 b6 5. c3 Bb7 6. Bb5 Nge7 7. Nbd2 Qd7 8.
O-O Ng6 9. Re1 Be7 10. Nf1 O-O 11. Ne3 Qc8 12. g3 Nd8 13. h4 f5 14. exf6
Bxf6 15. Bf1 c5 16. Bh3 Qc6 17. Ng2 Bc8 18. h5 Nh8 19. h6 g6 20. Ne3 Nhf7
21. Ng4 Bh8 22. Bf4 a5 23. Rc1 Ra7 24. Rc2 e5 25. Nfxe5 Nxe5 26. Bxe5 Bxg4
27. Qxg4 Bxe5 28. Rxe5 Raf7 29. Bg2 1-0

[Event "Politiken"]
[Site "Copenhagen DEN"]
[Date "1996.06.22"]
[Round "1"]
[White "De Firmian, N"]
[Black "Kosebay, O"]
[Result "1-0"]
[WhiteElo "2595"]
[BlackElo "2220"]

1. e4 e5 2. Nf3 Nf6 3. Nxe5 d6 4. Nf3 Nxe4 5. d4 d5 6. Bd3 Bd6 7. O-O O-O
8. c4 c6 9. cxd5 cxd5 10. Nc3 Nxc3 11. bxc3 Bg4 12. Rb1 Nd7 13. h3 Bh5 14.
Rb5 Nb6 15. c4 Bxf3 16. Qxf3 dxc4 17. Bc2 Qd7 18. a4 Rab8 19. Bg5 Rfe8 20.
Rfb1 g6 21. Be3 Qc6 22. a5 Qxf3 23. gxf3 Nc8 24. Rxb7 Rxb7 25. Rxb7 Re7 26.
Rb1 Kg7 27. Kf1 Rc7 28. Ke2 Ne7 29. Be4 f5 30. Ba8 f4 31. Bd2 c3 32. Bc1
Nc6 33. Bxc6 Rxc6 34. Rb7+ Rc7 35. Rxc7+ Bxc7 36. a6 Bd6 37. Kd3 Kh6 38.
Kxc3 Kg5 39. Kc4 Kh4 40. Kd5 Bc7 41. Kc6 Bb6 42. d5 g5 43. Ba3 Bxf2 44. d6
Kxh3 45. d7 Bb6 46. Bc5 Bxc5 47. Kxc5 1-0

[Event "Politiken"]
[Site "Copenhagen DEN"]
[Date "1996.06.22"]
[Round "1"]
[White "Guindy, E"]
[Black "Bogdanovich, G"]
[Result "0-1"]
[WhiteElo "2060"]
[BlackElo "2375"]

1. d4 d5 2. c4 e6 3. Nc3 c6 4. Nf3 dxc4 5. e3 b5 6. a4 b4 7. Na2 Ba6 8. Be2
Nd7 9. Bd2 Rb8 10. Rc1 b3 11. Nc3 Ngf6 12. O-O Be7 13. Nb1 O-O 14. Bxc4
Bxc4 15. Rxc4 Nb6 16. Rxc6 Nxa4 17. Bc3 a5 18. Ra6 Rb5 19. Qd3 Qd7 20. Ra7
Qxa7 21. Qxb5 Nxc3 22. Nxc3 Bb4 23. Qd3 a4 24. Ra1 Bxc3 25. Qxc3 Ra8 26.
Nd2 Nd5 27. Qc5 Qb8 28. Nc4 h6 29. h3 Ra7 30. Qd6 Qxd6 31. Nxd6 a3 32. bxa3
Nc3 33. Nc4 Rc7 34. Nb2 Ne2+ 35. Kf1 Rc2 36. Nd3 Nc3 0-1

[Event "Politiken"]
[Site "Copenhagen DEN"]
[Date "1996.06.22"]
[Round "1"]
[White "Varberg, K"]
[Black "Gulko, B"]
[Result "0-1"]
[WhiteElo "2230"]
[BlackElo "2615"]

1. c4 e5 2. Nc3 d6 3. g3 f5 4. Bg2 Nf6 5. d3 Be7 6. e4 c6 7. Nge2 O-O 8.
O-O Na6 9. d4 Qe8 10. a3 fxe4 11. dxe5 dxe5 12. Nxe4 Nxe4 13. Bxe4 Nc5 14.
Bg2 Bf5 15. Be3 Rd8 16. Qe1 Qh5 17. Nc1 Rd7 18. b4 Ne6 19. f3 Qf7 20. Bxa7
Nd4 21. Bxd4 exd4 22. c5 d3 23. Qd2 Bf6 24. Rb1 Re8 25. g4 Bd4+ 26. Kh1 Be3
27. Qa2 d2 28. Qxf7+ Kxf7 0-1

[Event "Politiken"]
[Site "Copenhagen DEN"]
[Date "1996.06.22"]
[Round "1"]
[White "Brinck Claussen, B"]
[Black "Jorgensen, S"]
[Result "1-0"]
[WhiteElo "2380"]
[BlackElo "2065"]

1. e4 c5 2. Nf3 d6 3. d4 cxd4 4. Nxd4 Nf6 5. Nc3 g6 6. Be3 Bg7 7. f3 O-O 8.
Qd2 Nc6 9. Bc4 Bd7 10. h4 a6 11. Bb3 b5 12. h5 Nxh5 13. Nxc6 Bxc6 14. Bh6
Be5 15. O-O-O a5 16. f4 Bh8 17. Qe3 Nf6 18. e5 Ng4 19. Qh3 Qc8 20. Bxf8
Kxf8 21. Qxh7 Bg7 22. exd6 e6 23. Qh4 Nf6 24. a4 b4 25. Nb1 Bxg2 26. Rh2
Be4 27. Nd2 Bf5 28. Nc4 Ra6 29. Ne5 Qd8 30. d7 Rb6 31. Qf2 Ra6 32. Qc5+ Kg8
33. Qc8 1-0

[Event "Politiken"]
[Site "Copenhagen DEN"]
[Date "1996.06.22"]
[Round "1"]
[White "Hansen, SuB"]
[Black "Petersen, St"]
[Result "1-0"]
[WhiteElo "2495"]
[BlackElo "2165"]

1. e4 e6 2. d4 d5 3. Nd2 c5 4. exd5 Qxd5 5. Ngf3 cxd4 6. Bc4 Qd8 7. O-O a6
8. Nb3 Nf6 9. Nbxd4 Qc7 10. Qe2 Be7 11. Re1 Nc6 12. Nxc6 bxc6 13. Ne5 O-O
14. Bg5 Nd5 15. Bxe7 Nxe7 16. Rad1 Ng6 17. Nxg6 hxg6 18. Qd3 Qb6 19. b3 Ra7
20. Qd4 c5 21. Qh4 Bd7 22. Rd3 Qd8 23. Qxd8 Rxd8 24. Red1 Kf8 25. Rd6 a5
26. Bb5 Ke7 27. f4 Ke8 28. Kf2 Ke7 29. R1d2 Ke8 30. g3 Ke7 31. Ke1 Ke8 32.
a4 Ke7 33. Kd1 Ke8 34. Kc1 Ke7 35. Kb2 Ke8 36. Kc3 Ke7 37. Rd1 Rc7 38. R6d2
Ke8 39. Rxd7 1-0

[Event "Politiken"]
[Site "Copenhagen DEN"]
[Date "1996.06.22"]
[Round "1"]
[White "Nilsson, L"]
[Black "Akesson, R"]
[Result "0-1"]
[WhiteElo "2200"]
[BlackElo "2505"]

1. e4 c5 2. Nf3 e6 3. Be2 Nc6 4. O-O Nf6 5. Nc3 d5 6. exd5 Nxd5 7. Nxd5
Qxd5 8. d3 Be7 9. Be3 e5 10. Nd2 Be6 11. f4 exf4 12. Bf3 Qd7 13. Bxf4 O-O
14. Be3 Nd4 15. Kh1 Nxf3 16. Qxf3 Bd5 17. Qf2 Rac8 18. c3 f5 19. Bf4 Bc6
20. Rfe1 Bf6 21. Nb3 b6 22. Rad1 Rcd8 23. Rd2 Rfe8 24. Rxe8+ Rxe8 25. d4
Qe7 26. h3 g5 27. d5 Qe1+ 28. Qxe1 Rxe1+ 29. Kh2 Bd7 30. Bg3 Rb1 31. Bb8 a5
32. Rc2 f4 33. Re2 Bf5 34. Be5 Bd3 0-1

[Event "Politiken"]
[Site "Copenhagen DEN"]
[Date "1996.06.22"]
[Round "1"]
[White "Nielsen, CJ"]
[Black "Hillarp Persson, T"]
[Result "0-1"]
[WhiteElo "2080"]
[BlackElo "2410"]

1. d4 g6 2. c4 Bg7 3. Nc3 Nf6 4. e4 d6 5. Bd3 O-O 6. Nge2 e5 7. d5 c6 8.
Bc2 a6 9. O-O Qc7 10. Bg5 h6 11. Bd2 Nbd7 12. Rc1 Qb8 13. Ng3 cxd5 14. cxd5
b5 15. Qe2 h5 16. h4 Nh7 17. Nd1 Nc5 18. b4 Na4 19. Ne3 Bd7 20. Bb3 Qd8 21.
Rc6 Qxh4 22. Rxd6 Rfd8 23. Bxa4 bxa4 24. Rxa6 Rab8 25. Rc6 Nf6 26. Bc3 Qg5
27. Bd2 Bxc6 28. Nef5 Bb5 29. Bxg5 Bxe2 30. Ne7+ Kf8 31. Nxe2 Kxe7 32. f4
Ke8 33. fxe5 Nxe4 34. Bxd8 Rxd8 35. e6 fxe6 36. dxe6 0-1

[Event "Politiken"]
[Site "Copenhagen DEN"]
[Date "1996.06.22"]
[Round "1"]
[White "Henriksen, B"]
[Black "Steingrimsson, H"]
[Result "1/2-1/2"]
[WhiteElo "2080"]
[BlackElo "2405"]

1. e4 e6 2. Nf3 d5 3. e5 c5 4. b4 cxb4 5. d4 Ne7 6. Bd3 b6 7. a3 Nec6 8.
O-O a5 9. axb4 Nxb4 10. Be2 Ba6 11. c3 N4c6 12. Ng5 h6 13. Nh3 Be7 14. f4
g6 15. Na3 h5 16. Nb5 Na7 17. Rb1 Bxb5 18. Bxb5+ Nxb5 19. Rxb5 Qc7 20. Qa4
Nd7 21. Bd2 Rc8 22. Nf2 Qc4 23. Qxc4 Rxc4 24. Ra1 O-O 25. Nd3 Rfc8 26. Nb2
R4c6 27. Na4 Bd8 28. h3 h4 29. Kf2 f5 30. Ke2 Kf7 31. Rab1 Rc4 32. Nb2 Rxc3
33. Bxc3 Rxc3 34. Rd1 Ke7 35. Rd3 Rc2+ 36. Rd2 Rc1 37. Nd3 Rc3 38. Ne1 Nb8
39. Rc2 Nc6 40. Kd2 Nxd4 41. Rxc3 Nxb5 42. Rb3 Na7 43. Nf3 Kd7 44. Nd4 a4
45. Rb1 Be7 46. Rxb6 Bc5 47. Rb7+ Kc8 48. Nxe6 Kxb7 49. Nxc5+ Kc6 50. Nxa4
Kb5 51. Nb2 Nc6 52. Nd3 Nd4 53. Ne1 Ne6 54. Nf3 Nxf4 55. Nxh4 d4 56. g3
Nxh3 57. Nxg6 Ng5 58. Kd3 Kc5 1/2-1/2

[Event "Politiken"]
[Site "Copenhagen DEN"]
[Date "1996.06.22"]
[Round "1"]
[White "Dahl Pedersen, He"]
[Black "Hartman, C"]
[Result "0-1"]
[WhiteElo "2055"]
[BlackElo "2370"]

1. e4 e5 2. Nf3 Nc6 3. Bb5 a6 4. Ba4 Nf6 5. O-O Nxe4 6. Re1 Nc5 7. Bxc6
dxc6 8. Rxe5+ Be7 9. d4 Ne6 10. c3 O-O 11. Nbd2 Bf6 12. Re1 c5 13. Ne4 cxd4
14. Nxf6+ Qxf6 15. cxd4 Rd8 16. Qe2 Rd5 17. Be3 Bd7 18. Qc4 c6 19. a4 Rd8
20. b4 Nf4 21. Ne5 Bc8 22. Rab1 Bf5 23. Rb2 Ne6 24. Rd2 h6 25. Red1 Ng5 26.
f3 Qd6 27. Qc3 Re8 28. Bf2 Qf6 29. Nc4 Be6 30. Re1 Rdd8 31. Rde2 Re7 32.
Nd2 Qg6 33. Bg3 Red7 34. f4 Nh7 35. Nf3 Rd5 36. Bh4 Nf6 37. Bf2 Qf5 38. Qc1
Qd3 39. Qe3 Qxe3 40. Bxe3 R5d6 41. Rb2 Nd5 42. b5 cxb5 43. axb5 Nxe3 44.
Rxe3 Rb6 45. Ree2 axb5 46. Re5 b4 47. f5 Bd5 48. Ne1 f6 49. Re3 b3 50. Rc3
Ra6 51. Kf2 Ra4 52. Nd3 Rxd4 53. Nc1 Rf4+ 54. Ke3 Rxf5 55. Nxb3 Re8+ 56.
Kd3 Be4+ 57. Kc4 Rc8+ 58. Kd4 Rxc3 59. Kxc3 Rb5 60. Kc4 Rb6 61. Rd2 Bf5 62.
Nc5 Rb1 63. Rd8+ Kh7 64. Rd2 b6 65. Nb7 Be6+ 66. Kc3 Rb3+ 67. Kd4 Rb5 68.
Kc3 Bd5 69. Nd6 Rc5+ 70. Kb4 Be6 71. Nb5 Rc4+ 72. Ka3 Rc6 73. Kb4 Kg6 74.
Nd6 Rc5 75. Re2 Bd5 76. g3 Rc6 77. Nb5 Kf7 78. Rd2 Be6 79. Na7 Rc7 80. Nb5
Rc4+ 81. Ka3 Ke7 82. Nd6 Rc5 83. Ne4 Ra5+ 84. Kb4 Bd5 85. Nc3 Bc6 86. Re2+
Kd6 87. Rd2+ Kc7 88. Re2 Re5 89. Ra2 Kb7 90. Rd2 Re8 91. Rd4 Kc7 92. Rd2 f5
93. Ra2 Kb7 94. Rf2 Rf8 95. Ne2 g5 96. Nd4 Be4 97. Nb5 Rf6 98. Nc3 Bc6 99.
Ne2 Kc7 100. Nd4 Bd7 101. Rc2+ Kd6 102. Rd2 Ke5 103. Ne2 Bc6 104. Kc3 f4
105. gxf4+ gxf4 106. Nd4 Be4 107. Rf2 f3 108. Nb3 Kf4 109. Kd2 Rd6+ 110.
Ke1 Rd3 111. Nd2 Re3+ 112. Kd1 Bd3 113. Kc1 Re1+ 114. Kb2 Be2 0-1

[Event "Politiken"]
[Site "Copenhagen DEN"]
[Date "1996.06.22"]
[Round "1"]
[White "Madsen, D"]
[Black "Zakariasen, P"]
[Result "1-0"]
[WhiteElo "2325"]
[BlackElo "2005"]

1. d4 Nf6 2. c4 g6 3. g3 Bg7 4. Bg2 O-O 5. Nf3 d6 6. O-O c6 7. Nc3 Nbd7 8.
e4 Qc7 9. Re1 e5 10. h3 Re8 11. Be3 a5 12. Qc2 b5 13. Rac1 Ba6 14. b3 Rad8
15. Qb1 Qb8 16. Red1 Bf8 17. d5 c5 18. Nxb5 Bg7 19. Nh2 Nf8 20. a3 h6 21.
Qc2 Bc8 22. Rb1 Qb7 23. b4 axb4 24. axb4 Qe7 25. Qd2 Kh7 26. Ra1 Ng8 27.
bxc5 dxc5 28. Na7 Bb7 29. Rdb1 f5 30. Ra2 Nf6 31. exf5 gxf5 32. Rab2 Ra8
33. Nc6 Bxc6 34. dxc6 Rac8 35. Bd5 f4 36. gxf4 exf4 37. Bxf4 Nxd5 38. cxd5
Bxb2 39. Qxb2 Ng6 40. Bg3 Rc7 41. Ng4 Rf8 42. Qd2 Qe4 43. Re1 Qf5 44. Bxc7
Nf4 45. Bxf4 Qxf4 46. Qxf4 Rxf4 47. Rc1 c4 48. Ne3 Kg7 49. Nxc4 Kf6 50. Nd6
Ke7 51. Nb5 Rf8 52. d6+ Ke6 1-0

[Event "Politiken"]
[Site "Copenhagen DEN"]
[Date "1996.06.22"]
[Round "1"]
[White "Hutters, T"]
[Black "Dahl Pedersen, H"]
[Result "0-1"]
[WhiteElo "2435"]
[BlackElo "2185"]

1. c4 c6 2. g3 d5 3. Bg2 Nf6 4. Nf3 Bf5 5. b3 e6 6. O-O Nbd7 7. Bb2 h6 8.
d3 Be7 9. Nbd2 O-O 10. Rc1 Bh7 11. Rc2 Qb6 12. Qa1 a5 13. a3 Rfc8 14. Ne5
Nxe5 15. Bxe5 Ne8 16. Bh3 Rd8 17. Qb2 Bf6 18. Bxf6 Nxf6 19. Nf3 Qc7 20.
Rfc1 Qe7 21. Bg2 Nd7 22. b4 axb4 23. axb4 Qf6 24. Qxf6 Nxf6 25. b5 dxc4 26.
Rxc4 cxb5 27. Rc5 b4 28. Ne5 Nd5 29. Bxd5 Rxd5 30. Rxd5 exd5 31. Nf3 b3 32.
Rb1 Ra2 33. Rxb3 Rxe2 34. Rxb7 Bxd3 35. Nd4 Rd2 36. Rb8+ Kh7 37. Nb3 Rd1+
38. Kg2 Rb1 39. Rb7 Be4+ 40. f3 Rb2+ 41. Kg1 Bxf3 42. Nc5 Rxb7 43. Nxb7 Kg6
44. Kf2 Bd1 45. Ke3 Bg4 46. Nd6 Be6 47. Nb5 Kg5 48. Kf3 Kf5 49. Nd4+ Ke5
50. Nc6+ Kd6 51. Nd4 Kc5 52. Ke3 Bg4 53. h4 g5 54. hxg5 hxg5 55. Kd3 Bd7
56. Nb3+ Kb4 57. Nd2 Kc5 58. Nb3+ Kd6 59. Kd4 Bh3 60. Nc5 Bg2 61. Nd3 Ke6
62. Ne5 Be4 63. Ng4 f5 64. Ne3 f4 65. gxf4 gxf4 66. Ng4 Kf5 67. Nf2 Kg5 68.
Ke5 f3 69. Kd4 Kh4 70. Ke3 Kg3 71. Nd1 Kg2 0-1

[Event "Politiken"]
[Site "Copenhagen DEN"]
[Date "1996.06.22"]
[Round "1"]
[White "Ligaard, M"]
[Black "Hector, J"]
[Result "0-1"]
[WhiteElo "2210"]
[BlackElo "2520"]

1. d4 d5 2. Nf3 Nf6 3. Bg5 Ne4 4. Bh4 Qd6 5. Nbd2 Qh6 6. c3 g5 7. Bg3 Nxg3
8. fxg3 g4 9. Ne5 f6 10. Nd3 Qe3 11. Qb3 c6 12. O-O-O b5 13. Ne1 Bf5 14.
Nc2 Bxc2 15. Qxc2 Nd7 16. Qd3 Bh6 17. Qxe3 Bxe3 18. Kc2 f5 19. Kd3 Bg5 20.
e3 e5 21. Nb3 O-O 22. Re1 Rae8 23. Kd2 Nb6 24. Bd3 exd4 25. Nxd4 c5 26.
Nxb5 a6 27. Nd6 Re6 28. Nxf5 Nc4+ 29. Bxc4 dxc4 30. Nh4 Rf2+ 31. Re2 Bxe3+
32. Ke1 Rxe2+ 33. Kxe2 Bc1+ 34. Kd1 Bxb2 35. Re1 Rxe1+ 36. Kxe1 Bxc3+ 37.
Kd1 Bd4 38. Nf5 c3 39. h3 Kf7 40. Kc2 Kf6 41. Nh6 gxh3 42. gxh3 Ke5 43.
Nf7+ Kd5 44. Kd3 Bf6 45. Nh6 c4+ 46. Kc2 Ke4 47. g4 Kf4 48. Nf5 h5 49. a4
h4 50. a5 Ke4 51. Nd6+ Kd5 52. Nf7 Ke6 53. Nh6 Bd8 54. Nf5 Kd5 55. Ne3+ Kd4
56. Nf5+ Kc5 57. Kxc3 Bxa5+ 58. Kc2 Bd8 59. Nh6 Kd5 60. Nf7 Bf6 61. g5 Bd4
62. g6 a5 63. Ng5 Bf6 64. Nf3 a4 65. Nxh4 a3 66. Kb1 c3 67. Ng2 Kc4 68. Ne1
Kb3 69. Nc2 a2+ 70. Kc1 Bg5+ 71. Kd1 Bh6 72. h4 Kb2 73. Na1 Kxa1 74. Kc2
Bg7 75. Kc1 Bf8 0-1

[Event "Politiken"]
[Site "Copenhagen DEN"]
[Date "1996.06.22"]
[Round "1"]
[White "Nedberg, B"]
[Black "Jelling, E"]
[Result "1/2-1/2"]
[WhiteElo "2100"]
[BlackElo "2415"]

1. d4 d5 2. c4 c6 3. Nc3 Nf6 4. Nf3 dxc4 5. a4 Bf5 6. e3 e6 7. Bxc4 Bb4 8.
O-O O-O 9. Qe2 Bg6 10. Rd1 Nbd7 11. Bd2 Qe7 12. Rac1 e5 13. dxe5 Nxe5 14.
Nxe5 Qxe5 15. Ne4 Bxd2 16. Nxf6+ Qxf6 17. Rxd2 Rfd8 18. Rcd1 Kf8 19. Rd7
1/2-1/2

[Event "Politiken"]
[Site "Copenhagen DEN"]
[Date "1996.06.22"]
[Round "1"]
[White "Lyrberg, P"]
[Black "Andersen, OB"]
[Result "1-0"]
[WhiteElo "2425"]
[BlackElo "2110"]

1. d4 Nf6 2. Bg5 c5 3. d5 Qb6 4. Nd2 Nxd5 5. e4 Nc7 6. Ngf3 d6 7. b4 Qxb4
8. Bd3 e5 9. O-O Nc6 10. c3 Qxc3 11. Nc4 Nb4 12. Be2 Qc2 13. Nxd6+ Bxd6 14.
Qxd6 f6 15. Bxf6 gxf6 16. Nd4 1-0

[Event "Politiken"]
[Site "Copenhagen DEN"]
[Date "1996.06.22"]
[Round "1"]
[White "Rowson, J"]
[Black "Preuss, F"]
[Result "1-0"]
[WhiteElo "2415"]
[BlackElo "2100"]

1. d4 f5 2. Bg5 d6 3. Nc3 h6 4. Bd2 Nf6 5. e4 fxe4 6. Nxe4 Bf5 7. Ng3 Bh7
8. Nf3 Nbd7 9. Bc4 d5 10. Bd3 Bxd3 11. cxd3 c6 12. O-O Qb6 13. b4 g5 14.
Bc3 e6 15. Qe2 Kf7 16. Ne5+ Nxe5 17. dxe5 Nd7 18. Qh5+ Kg7 19. Nf5+ exf5
20. e6+ 1-0

[Event "Politiken"]
[Site "Copenhagen DEN"]
[Date "1996.06.22"]
[Round "1"]
[White "Salo, T"]
[Black "Kristensen, L"]
[Result "1/2-1/2"]
[WhiteElo "2310"]
[BlackElo "2360"]

1. Nf3 Nf6 2. c4 d6 3. d4 Nbd7 4. Nc3 e5 5. e4 c6 6. g3 Be7 7. Bg2 O-O 8.
O-O b6 9. Re1 Bb7 10. h3 h6 11. Be3 Re8 12. Qc2 Bf8 13. Rad1 Qc7 14. Nh4
Rac8 15. d5 cxd5 16. cxd5 b5 17. Qb3 a6 18. a4 Qc4 19. Qxc4 bxc4 20. Bf1
Nc5 21. Bc1 Nb3 22. Nf5 Nd7 23. h4 Rc7 24. Ne3 Nd4 25. Kg2 Rec8 26. Bd2 g6
27. Nb1 Nc5 28. Ba5 Rd7 29. Nxc4 Nxa4 30. Nc3 Rxc4 31. Bxc4 Nxb2 32. Bd3
Nxd1 1/2-1/2

[Event "Politiken"]
[Site "Copenhagen DEN"]
[Date "1996.06.22"]
[Round "1"]
[White "Lynge, M"]
[Black "Wells, P"]
[Result "0-1"]
[WhiteElo "2170"]
[BlackElo "2495"]

1. d4 Nf6 2. c4 e6 3. Nc3 Bb4 4. Qc2 O-O 5. a3 Bxc3+ 6. Qxc3 Ne4 7. Qc2 f5
8. Nf3 b6 9. e3 Bb7 10. Bd3 d6 11. b4 Nd7 12. Bb2 Ng5 13. d5 Nxf3+ 14. gxf3
Ne5 15. O-O-O c5 16. Rhg1 cxb4 17. axb4 Rc8 18. Kb1 Bxd5 19. Bxf5 Rxf5 20.
Rxd5 Rxc4 21. Qd1 exd5 22. Qxd5+ Kh8 23. f4 Rxb4 24. Rc1 Qg8 25. Qxd6 Rxb2+
26. Kxb2 Nc4+ 0-1